| 000 | 01284cam a2200373 i 4500 | ||
|---|---|---|---|
| 999 |
_c65055 _d65055 |
||
| 001 | 768714001 | ||
| 003 | OCoLC | ||
| 005 | 20190606130612.0 | ||
| 008 | 930618t19941994mnu g b 001 0 eng | ||
| 010 | _a93028174 | ||
| 020 | _a0800627113 : | ||
| 040 |
_aDLC _bspa _cCO-MdFUSB _dGCL _dOrLoB-B _erda |
||
| 041 | _aeng | ||
| 082 |
_224 _aG 223 _bW823j |
||
| 100 | 1 |
_aWitherington, Ben, _d1951- _eautor |
|
| 245 | 1 | 0 |
_aJesus the sage _b: the pilgrimage of wisdom _c/ Ben Witherington III. |
| 264 | 1 |
_aMinneapolis, Minnesota : _bFortress Press, _c℗[1994] |
|
| 264 | 4 | _c©1994. | |
| 300 |
_axi, 436 páginas ; _c25 cm. |
||
| 336 |
_2rdacontent. _atexto _btxt |
||
| 337 |
_2rdamedia. _asin mediación _bn |
||
| 338 |
_2rdacarrier. _avolumen _bnc |
||
| 504 | _aBibliografía (páginas 389- 409) e índice. | ||
| 505 | _aParte 1: De Salomón a Jesús -- Parte 2: De Jesús a la Iglesia | ||
| 563 | _aPasta dura. | ||
| 600 | 0 | 7 | _aJesucristo |
| 630 | 7 |
_aBiblia. _pLibros Poéticos _xCrítica, interpretación, etc. |
|
| 653 | _aLiteratura de la sabiduría (Biblia) -- Antiguo Testamento | ||
| 653 | _aBiblia -- Antiguo Testamento. -- Relación con el Nuevo Testamento | ||
| 942 | _cBK | ||
| 945 |
_aANF-558 _bAEM-53 |
||